000 00253nam a22001097a 4500
999 _c260879
_d260878
020 _a9780545499088
100 _aDav Pilkey
245 _aThe Adventures of Captain Underpants
260 _aNew York
_bScholastic
_c1997
300 _a136 pgs
942 _cBK